|
|
|
|
| LEADER |
01143cas a22002537a 4500 |
| 003 |
BD-DhAAL |
| 005 |
20130624151103.0 |
| 007 |
tu |
| 008 |
130624n20089 bg aup 000 eng d |
| 022 |
|
|
|a 18189512
|
| 040 |
|
|
|a Bd-DhAAl
|d Bd-DhAAl
|
| 999 |
|
|
|c 13622
|d 13622
|
| 999 |
|
|
|c 13622
|
| 245 |
|
|
|a Stamford journal of english
|
| 260 |
|
|
|a Dhaka:
|b Dept. of English,Stamford University,
|c 2008
|
| 300 |
|
|
|a v.:
|b ill;
|c 23cm
|
| 362 |
|
|
|a 2008-
|
| 650 |
|
|
|a English Literature
|v Periodicals
|z Bangladesh
|9 2201
|
| 700 |
|
|
|a Huq,Syed Anwarul
|d Editor.
|9 2202
|
| 856 |
|
|
|3 Current and previous issues (2008-)
|u http://banglajol.info/index.php/SJE/issue/archive
|
| 942 |
|
|
|2 ddc
|c CR
|s 1
|
| 952 |
|
|
|0 0
|1 0
|2 ddc
|4 0
|6 820_549200000000000_STA
|7 0
|8 REF
|9 22792
|a BRACUL
|b BRACUL
|c REF
|d 2013-06-24
|h Vol.04, No. Summer 2008
|l 0
|o 820.5492 STA
|r 2013-06-24
|y CR
|
| 952 |
|
|
|0 0
|1 0
|2 ddc
|4 0
|6 820_549200000000000_STA
|7 0
|8 REF
|9 22793
|a BRACUL
|b BRACUL
|c REF
|d 2013-06-24
|h Vol.06, No. Summer 2011
|l 0
|o 820.5492 STA
|r 2013-06-24
|y CR
|
| 952 |
|
|
|0 0
|1 0
|2 ddc
|4 0
|6 820_549200000000000_STA
|7 0
|8 REF
|9 22861
|a BRACUL
|b BRACUL
|c REF
|d 2013-07-04
|h Vol.07, No. Summer 2012
|l 0
|o 820.5492 STA
|r 2013-07-04
|y CR
|